[Event "FRA-ch op-A"]
[Site "Paris"]
[Date "1994.??.??"]
[Round "9"]
[White "Hajjar, A."]
[Black "Chauvin, Laurent"]
[Result "1-0"]
[WhiteElo "1820"]
[BlackElo "1950"]
[PlyCount "91"]
[EventDate "1994.??.??"]
[EventType "swiss"]
[EventRounds "9"]
[EventCountry "FRA"]
[SourceTitle "EXT 1998"]
[Source "ChessBase"]
[SourceDate "1997.11.17"]
[SourceVersion "1"]
[SourceVersionDate "1997.11.17"]
[SourceQuality "1"]

1. c4 Nf6 2. Nc3 e6 3. g3 d5 4. Bg2 Be7 5. e3 0-0 6. Qb3 c6 7. Nge2 dxc4 8. Qxc4 e5 9. d4 Be6 10. Qa4 Nbd7 11. 0-0 Nb6 12. Qc2 Qc7 13. e4 exd4 14. Nb5 Qc8 15. Nbxd4 Bh3 16. Bxh3 Qxh3 17. Nf4 Qc8 18. Nf5 Re8 19. Nxe7+ Rxe7 20. f3 Rd7 21. Be3 Qc7 22. Nd3 Re7 23. Rad1 Nbd7 24. Bf4 Qb6+ 25. Kg2 h6 26. b3 Nf8 27. Nb2 Ne6 28. Be5 Ne8 29. Nc4 Qc5 30. Bb2 b5 31. Ba3 b4 32. Bb2 N8c7 33. Rf2 Nb5 34. Rfd2 a5 35. h4 Qh5 36. Ne3 c5 37. Nf5 Ree8 38. Rd5 Qg6 39. Qd2 Kh7 40. h5 Qg5 41. Qxg5 hxg5 42. Rd7 Kg8 43. h6 Nc3 44. Rh1 Rad8 45. hxg7 Nxg7 46. Nh6+ 1-0